Red Rising - Statistiques

Statistiques générales
  • Ce quiz a été pris 47 fois
  • Le résultat moyen est 36 sur 100
Statistiques - réponses
Indice Réponse % Correct
Caste d'origine de Darrow Rouge
93%
Maison intégrée par Darrow Mars
77%
Surnom de cette dernière Mustang
73%
Prénom de la première épouse de Darrow Eo
70%
Leader des Gris affecter au mines de Lykos Dan le moche
67%
Façon dont la première épouse de Darrow est condamnée mort Pendaison
67%
Animal emblème de cette famille Lion
63%
Meilleure ami de Virginia, se démarquant par sa stature Pax au Telemanus
63%
Membre de la même maison que Darrow surnommé "le Poète de Deimos" Roque au Fabii
63%
Identité cachée de Fitchner au Barca Ares
60%
Famille Or choisie par Darrow suite à l'Institut Augustus
60%
Minerai extrait dans les différentes mines du système solaire Hélium 3
60%
Primus de la maison Pluton Le chacal
60%
Surnom acquis par Darrow lors de l'Institut et faisant référence à la forme de sa lame Le Faucheur
60%
Groupe dirigé par Sevro, reconnaissable à la peau de loup portée par ses membres Les Hurleurs
60%
Entaché ayant prêté allégeance à Darrow Ragnar Volarus
60%
Primus de la maison Minerve ayant sauvé Darrow suite à son duel contre Cassius Virginia au Augustus
60%
Proctor de cette maison Fitchner au Barca
57%
Lien de parenté entre les Primus de la maison Pluton et Minerve Frères
57%
Clan de Darrow Lambda
57%
Souveraine de la Société Octavia au Lune
57%
Epée extrêmement tranchante et pouvant changé de forme Rasoir
57%
Fonction de Darrow dans les mines de Lykos Fossoyeur
53%
Clans gagnant systématiquement les lauriers Gamma
53%
Frère de Cassius tué par Darrow lors du "Passage" Julian au Bellona
53%
Violet ayant sculpté le nouveau corps de Darrow Mickey
53%
Patriarche de cette famille, et auteur de la mise à mort de la première épouse de Darrow Nero au Augustus
53%
Titre donné au major de chaque maison durant l'Institut Primus
53%
Autre Rouge infiltré à l'Institut Titus au Ladros
53%
Nom de Famille emprunté par Darrow pour sa couverture au Andromedus
50%
Tuteur de Lysandre Cassius au Bellona
50%
Surnom acquit par Sevro lors de l'Institut Gobelin
50%
Véhicule servant au forage dans les mines Main des enfers
50%
Nom de la forteresse des Proctors prise d'assaut par l'amrée de Darrow Mont Olympe
50%
Guerrière redoutable et loyale à Octavia qui a tué le Gris ayant sauvé Darrow Aja au Grimmus
47%
Outil utilisé par les mineurs, servant d'inspiration à la forme que Darrow donnera à son rasoir Sang-Lame
47%
Membre des Fils d'Ares ayant entrainé Darrow avant l'Institut Harmony
43%
Statut de Darrow au sein de celle-ci Lancier
43%
Souverain de la bordure Romulus au Raa
43%
Obsidienne cheffe des Valkyrie Séfi
43%
Petit fils d'Octavia, épargné par Darrow après sa victoire contre cette dernière Lysandre au Lune
40%
Bleue capitaine du "Pax" de Darrow Orion xe Aquarii
40%
Opération militaire consistant en l'invasion d'une planète par un déploiement de soldats depuis l'orbite Pluie de fer
40%
Homme le plus riche de la Société Regulus Ag Sun
40%
Amie Or de Darrow également prisonnière du Chacal Victra au Julii
40%
Premier officier des Fils d'Ares que rencontre Darrow Danceur O'Faran
37%
Patriarche de la famille Télémanus Kavax au Telemanus
37%
Grand frère de Darrow Kieran
37%
Maitre d'épée de Darrow Lorn au Arcos
37%
Un des favoris, tué par Sevro lors du "Passage" Priam au Caan
37%
Nom du renard de compagnie de ce dernier Sophocle
37%
Rose ayant inculqué sa culture à Darrow avant l'Institut Matteo
33%
Garde d'élite d'Adrius montée en opposition aux Hurleurs Osseleux
33%
Ami puis traitre de Darrow tué par le maitre d'épée Tactus au Valii-Rath
33%
Grise ayant secouru Darrow des mains du Chacal Holiday ti Nakamura
30%
Planète sur laquel Darrow apprend qu'il est père Terre
30%
Personne ayant tué Chardon lorsqu'elles se retrouvèrent captivent Antonia au Severus-Julii
27%
Armada dirigé par ce dernier Armada de l'Epée
27%
Titre obtenu par Cassius en tant que chevalier olympique Chevalier du Matin
27%
Gris ayant kidnappé les enfants de Sevro et Darrow Ephraim ti Horn
27%
Nom du brise lune une fois capturé par Darrow Etoile du Matin
27%
Satellite de résidence du maitre d'épée de Darrow Europe
27%
Personne ayant vaincu Darrow à l'Académie Karnus au Bellona
27%
Furie ayant succéder au seigneur cendré dans sa guerre contre la République Atalante au Grimmus
23%
Prénom de la fille de Sevro et Victra Electra au Barca
23%
Rang acquis par Roque au sein de la société Imperator
23%
Organisation terroriste ayant pour cible les Ors et les Rouges Gamma La Main Rouge
23%
Surnom de ce dernier Le Minotaure
23%
Lieutenante du Chacal Lilath au Faran
23%
Satellite sur lequel il fut capturé par les Fils d'Ares et ayant été le théâtre d'un grand discours de Darrow Phobos
23%
Amie Obsidienne de ce dernier Volga Fjorgan
23%
Parti Rouge dirigé par Danceur au Sénat Vox Populi
23%
Or libéré de sa prison sous marine par Darrow Apollonius au Valii-Rath
20%
Rose membre du Syndicat auquel devaient être remis les enfants de Darrow et Sevro Le Duc des Mains
20%
Frère de cette dernière Trigg ti Nakamura
20%
Fils de Atlas et Aja Ajax au Grimmus
17%
Or Lancier de Darrow pendant la guerre solaire, petit fils du maitre d'épée de ce dernier Alexendar au Arcos
17%
Le poison de cette fleur a permis à Narol de faire passer Darrow pour mort Haemanthus
17%
Jeune fille Rouge ayant échappé à cette organisation et recueillie par les Telemanus Lyria de Lagalos
17%
Nom du régime ayant succéder à la Société République Solaire
17%
Surnom de ce dernier Seigneur Cendré
17%
Blanc, non genré, conseiller de Séfi Xenophon
17%
Chevalier Tempête de la Bordure, fils de Romulus et Didon Diomède au Raa
13%
Ingénieur de génie Orange ayant réactivé les Dieux-Tempêtes de Mercure Glirastes
13%
Langage parlé par les Obsidiens Nagal
13%
Nom de la Bataille opposant Roque à Darrow et Romulus Bataille d'Ilium
10%
Chevalier de l'Amour du Noyau, mourant après sa défaite lors de la bataille d'Héliopolis Kalindora au San
10%
Vaisseau de Cassius dont Pytha est la pilote L'Archimède
10%
Brise lune, vaisseau principal de cet armada Le Colosse
10%
Rouge, fille de Kieran et amoureuse de ce dernier Rhonna O'Lykos
10%
Sœur de ce dernier Seraphina au Raa
10%
Orange commandant des légions libres en l'absence de Darrow Cadus Harnassus
7%
Bleu, réputé comme l'un des meilleur pilote du système solaire et membre de l'armée de Darrow Colloway xe Char
7%
Neveu aveugle de cette dernière Liam de Lagalos
7%
Cité rebelle dans les profondeurs de Mars Tinos
7%
Outil ayant permis à Octavia d'effacer une partie des souvenir de Lysandre Chaise du Pandemonium
3%
Vaisseau d'un peu moins de 4km de long, sous direction d'Atalante pendent la guerre solaire L'Annihilo
3%
Or ayant détruit le vaisseau d'Adrius, pour écarter la menace nucléaire Magnus au Grimmus
3%
Politico en chef d'Octavia tuée par Darrow lors de l'opération de capture Moira au Grimmus
3%
Drogue à laquelle ce dernier est addict Zoladone
3%
Aucun quiz correspondant
Distribution des résultats
% des personnes avec chaque résultat
Percentile par nombre de réponses
Votre historique - résultats
Vous n’avez pas pris ce quiz